书目信息 |
| 题名: |
洗涤剂酶应用手册
|
|
| 作者: | 华章熙 , 徐清 编著 | |
| 分册: | ||
| 出版信息: | 北京 中国轻工业出版社 2001.03 |
|
| 页数: | 256页 | |
| 开本: | 20cm | |
| 丛书名: | ||
| 单 册: | ||
| 中图分类: | TQ649.6 | |
| 科图分类: | ||
| 主题词: | 加酶洗涤剂--研究 | |
| 电子资源: | ||
| ISBN: | 7-5019-2530-5 | |
| 000 | 00768nam0 2200265 450 | |
| 001 | CAL 012000522099 | |
| 005 | 20050614094234.19 | |
| 010 | @a7-5019-2530-5@dCNY 28.00 | |
| 099 | @aCAL 012000522099 | |
| 100 | @a19990810d2001 em y0chiy0121 ea | |
| 101 | 0 | @achi |
| 102 | @aCN@b110000 | |
| 105 | @ay z 000yy | |
| 200 | 1 | @a洗涤剂酶应用手册@Axi di ji mei ying yong shou ce@f华章熙,徐清编著 |
| 210 | @a北京@c中国轻工业出版社@d2001.03 | |
| 215 | @a256页@d20cm | |
| 510 | 1 | @aDetergent enzyme application handbook@zeng |
| 606 | 0 | @a加酶洗涤剂@x研究 |
| 690 | @aTQ649.6@v4 | |
| 701 | 0 | @a华章熙@Ahua zhang xi@4编著 |
| 701 | 0 | @a徐清@Axu qing@4编著 |
| 801 | 0 | @aCN@bNLC@c20050614 |
| 905 | @a10447@dTQ649.6@eH766 | |
| 906 | @dCNY28.00@n0@r1 | |
| 998 | @aSJT | |
| 洗涤剂酶应用手册/华章熙,徐清编著.-北京:中国轻工业出版社,2001.03 |
| 256页;20cm |
| ISBN 7-5019-2530-5:CNY 28.00 |
| ● |
| 相关链接 |
|
|
|
正题名:洗涤剂酶应用手册
索取号:TQ649.6/H766
 
预约/预借
| 序号 | 登录号 | 条形码 | 馆藏地/架位号 | 状态 | 备注 |
| 1 | 533009 | 205330097 | 期刊室512/501自科库 40排6列2层/ [索取号:TQ649.6/H766] | 在馆 | |
| 2 | 533010 | 205330104 | 自科库501/501自科库 40排6列2层/ [索取号:TQ649.6/H766] | 在馆 | |
| 3 | 533011 | 205330113 | 期刊室512/501自科库 40排6列2层/ [索取号:TQ649.6/H766] | 在馆 | |
| 4 | 533012 | 205330122 | 自科库501/501自科库 40排6列2层/ [索取号:TQ649.6/H766] | 在馆 |